Vista normal
Vista MARC
Entrada Materia (personas)
Número de registros utilizados en: 1
001 - CONTROL NUMBER
- control field: 176006
003 - CONTROL NUMBER IDENTIFIER
- control field: Co-BoUCM
005 - DATE AND TIME OF LATEST TRANSACTION
- control field: 20221019092436.0
008 - FIXED-LENGTH DATA ELEMENTS
- fixed length control field: 221019|| aca||aabn | a|a d
040 ## - CATALOGING SOURCE
- Original cataloging agency: Co-BoUCM
- Transcribing agency: Co-BoUCM
100 ## - HEADING--PERSONAL NAME
- Personal name: Llopis, Josep
- Titles and other words associated with a name: [impresor]
- Dates associated with a name: 1682 - 1723
670 ## - SOURCE DATA FOUND
- Source citation: Work cat.: (Co-BoUCM)70069: Zamora, Alonso de 1635-1717 83138, Historia de la provincia de San Antonino del Nuevo Reyno de Granada, del Orden de Predicadores, 1701